00718naa#a2200181#i#4500001001600000005001700016011001400033100004100047102000700088200013200095210005200227215001000279608002700289675014700316700002100463700003000484856002200514EN\\bibl\12157420260601123337.1##a1998-6785##a20221221b2022####ek#y0engy0150####ca##aRU1#aTeenage and youth audience of the educational segment of the Russian-speaking YouTube: touches to the portraiteJournal article1#aVladivostokcVladivostok State Universityd2022##a8 с.##aJournal article2local##aОрганизационные формы самообразования и получения образования в группах. 374.1#1aPopovagDaria A.#1aGoryachenkogEkaterina A.4#aojkum.editorum.ru